Fundamentos del diseño

Saved in:
Bibliographic Details
Main Author: Wong, Wucius (autor)
Format: Book
Language:Spanish
Published: Barcelona Gustavo Gili 2002
Edition:5a. ed
Series:GG Diseño
Subjects:
Tags: Add Tag
No Tags, Be the first to tag this record!

MARC

LEADER 00000nam a2200000 a 4500
001 UCK3197
003 CL-VaPUC
008 050415e20020000SP |||||||||||||||||spa|d
020 |a 8425216435 
082 0 4 |a 745.2  |b WON  |2 21 
100 |a Wong, Wucius  |e autor  |9 491209 
245 1 0 |a Fundamentos del diseño 
250 |a 5a. ed 
300 |a 348 p 
942 |c BK 
945 |d 20050415 00:00:00  |a jcarroza 
260 |a Barcelona  |b Gustavo Gili  |c 2002 
650 0 |a Diseño  |9 260483 
650 7 |a DIBUJO GEOMETRICO  |2 CL-VaPUC  |9 265010 
650 0 |a Composición (Arte)  |9 315521 
583 |a last modification  |c 20050415 00:00:00  |k Rodrigo Vera 
490 0 |a GG Diseño 
999 |c 312461  |d 312459 
952 |0 0  |1 0  |4 0  |6 745_200000000000000_WON_2002  |7 0  |8 A  |9 382859  |a BIBARQ  |b BIBARQ  |d 2019-11-21  |i 4104005  |l 5  |m 1  |o 745.2 WON 2002  |p 4104005  |r 2025-04-07  |s 2025-04-07  |w 2019-11-21  |y BK  |k ARQ